| 000 | 00841nam a22002057a 4500 | ||
|---|---|---|---|
| 999 |
_c9881 _d9881 |
||
| 003 | AR-CdUCM | ||
| 008 | 190328b ||||| |||| 00| 0 spa d | ||
| 040 |
_aMUNICIPALIDAD PROVINCIAL DEL CUSCO _cBIBLIOTECA MUNICIPAL DEL CUSCO |
||
| 082 |
_a982.009 / _bSA26 F / 1933 |
||
| 100 |
_aSarmiento, Domingo F. _926397 |
||
| 245 | _aFacundo / | ||
| 260 |
_aBueno Aires : _bTalleres gráficos, _c1933. |
||
| 300 |
_a368 paginas ; _c17 cm. |
||
| 505 | _aContenido : Aspecto físico de la República Argentina y caracteres , hábitos e ideas que engendra -- Asociación - la pulperia -- Revolución de 1810 -- Infancia y juventud de Juan Facundo Quiroga -- La rioja el comandante de campaña... | ||
| 650 |
_aDescripciones y viajes _9497 |
||
| 650 |
_aDictadura de rosas _926398 |
||
| 650 |
_aArgentina _9511 |
||
| 942 |
_2ddc _cLIBROS |
||
| 945 | _awnts | ||